| 000 | 00451nam a2200181 4500 | ||
|---|---|---|---|
| 001 | 4610 | ||
| 005 | 20230410130716.0 | ||
| 008 | 060907n2001 dr spa | ||
| 020 | _a8434482452 | ||
| 035 | _9funglode4642 | ||
| 041 | _aES | ||
| 050 | 1 | 4 | _aPN 4783 V672l 2001 |
| 100 | _aVigara, Ana Ma. | ||
| 245 | 1 |
_aLibro de estilo de abc / _cAna Ma. Vigara |
|
| 260 |
_aBarcelona : _bAriel, _c2001 |
||
| 300 | _avi 376 p. | ||
| 942 |
_2lcc _cbk |
||
| 999 |
_c78948 _d78948 |
||